Statystyki dla Podział administracyjny Cypru

Kliknij tutaj aby rozwiązać quiz!

Ogólne statystyki

  • Ten quiz został rozwiązany 16 razy
  • Średni wynik to 5 z 14

Statystyki odpowiedzi

JednostkaNazwa% Poprawnych
DystryktNikozja
100%
DystryktNikozja
100%
DystryktLimassol
71%
DystryktLarnaka
50%
DystryktPafos
50%
DystryktFamagusta
36%
DystryktFamagusta
36%
Terytorium brytyjskieAkrotiri
21%
Terytorium brytyjskieDhekelia
21%
DystryktKirenia
14%
DystryktKirenia
14%
DystryktGuzelyurt
7%
DystryktIskele
7%
DystryktLefke
7%

Rozkład punktacji

Percentyl według liczby udzielonych odpowiedzi

Procent ludzi z każdym wynikiem

Twoja historia wyników

Nie rozwiązałeś tego quizu